Kanji Klasa 1 - Statystyki

Ogólne statystyki
  • Ten quiz został rozwiązany 87 razy
  • Średni wynik to 38 z 80
Statystyki odpowiedzi
Kanji Znaczenie % Poprawnych
jeden
100%
dwa
98%
trzy
98%
cztery
96%
dziesięć
96%
dziewięć
96%
osiem
96%
pięć
96%
siedem
96%
sześć
96%
dzień, słońce
74%
osoba
74%
sto
74%
miesiąc, księżyc
70%
tysiąc
70%
góra
63%
drzewo
61%
rzeka
61%
usta
61%
dziecko
59%
ogień
59%
wewnątrz, środek
59%
woda
59%
duży
57%
kobieta, kobiecy
57%
mały
57%
książka
56%
dół, pod
54%
góra, na
54%
pies
52%
gaj, las
50%
mężczyzna, męski
50%
oko
50%
pole ryżowe
48%
deszcz
46%
kwiat
46%
las
46%
lewo
46%
biały
44%
ręka
44%
moc
43%
prawo
43%
jen, koło
41%
nauka
41%
ucho
41%
ziemia
41%
złoto, pieniądze
41%
rok
39%
duch, umysł, powietrze
37%
niebo
37%
samochód, pojazd
37%
życie, rodzenie
37%
niebieski
35%
niebo
35%
noga
35%
czerwony
33%
imię
33%
król
30%
dźwięk
28%
odpoczynek
28%
kamień
24%
owad
24%
znak
24%
miasto
22%
trawa
22%
kula, klejnot
20%
wczesny
20%
zdanie
20%
nić
19%
szkoła
19%
wieczór
19%
bambus
17%
przed
17%
wieś
17%
widzenie
15%
wchodzenie
13%
wychodzenie
13%
poprawny
11%
skorupiak
11%
stanie
11%
Nie znaleziono quizów pasujących do podanych kryteriów
Rozkład punktacji
Procent ludzi z każdym wynikiem
Percentyl według liczby udzielonych odpowiedzi
Twoja historia wyników
Nie rozwiązałeś tego quizu